01007nam a2200241Ia 4500001001200000003000800012006001900020007001500039008004100054020001500095040002100110035002100131050002200152245015100174260005900325300001100384533015200395650002100547650002500568655002900593710001700622856012600639ebr10074101CaPaEBRm u cr cn|||||||||000815s2004 enk s 000 0 eng d z1845440692 aCaPaEBRcCaPaEBR a(OCoLC)55912196714aZ665b.P76 2004eb00aProceedings of the 5th northumbria international conference on performance measurement in library and information servicesh[electronic resource]. aBradford, England :bEmerald Group Publishing,cc2004. a274 p. aElectronic reproduction.bPalo Alto, Calif. :cebrary,d2009.nAvailable via World Wide Web.nAccess may be limited to ebrary affiliated libraries. 0aLibrary science. 0aInformation science. 7aElectronic books.2local2 aebrary, Inc.40uhttp://site.ebrary.com/lib/rucke/Doc?id=10074101zAn electronic book accessible through the World Wide Web; click to view